Statistiques concernant Les Pays d'Asie - Map Quiz

Cliquez ici pour prendre le quiz!

Statistiques générales

  • Ce quiz a été pris 183 fois
    (66 depuis la dernière actualisation)
  • Le résultat moyen est 34 sur 48

Réponses sur la Carte

Les réponses sont colorées sur une échelle allant du rouge au vert en fonction du pourcentage des utilisateurs qui les ont devinées à leur premier essai. Vous pouvez retrouver ces pourcentages ci-dessous.
 

Statistiques - réponses

Réponse% Correct
Chine
93%
Inde
91%
Corée du Sud
89%
Japon
89%
Corée du Nord
87%
Mongolie
87%
Philippines
83%
Sri Lanka
80%
Turquie
80%
Pakistan
78%
Taïwan
78%
Chypre
76%
Israël
76%
Oman
76%
Arabie Saoudite
74%
Irak
74%
Maldives
74%
Singapour
74%
Viêt-Nam
74%
Indonésie
72%
Kazakhstan
72%
Qatar
72%
Yémen
72%
Arménie
70%
Kirghizistan
70%
Népal
70%
Bangladesh
67%
Émirats Arabes
Unis
67%
Iran
67%
Jordanie
67%
Malaisie
65%
Bhoutan
63%
Cambodge
63%
Géorgie
63%
Laos
63%
Syrie
63%
Thaïlande
63%
Afghanistan
61%
Koweït
61%
Liban
61%
Timor Oriental
61%
Azerbaïdjan
59%
Tadjikistan
59%
Myanmar (Birmanie)
57%
Brunéi Darussalam
54%
Ouzbékistan
52%
Turkménistan
52%
Bahreïn
50%

Distribution des résultats

Percentile par nombre de réponses

% des personnes avec chaque résultat

Votre développement - résultats

Vous n’avez pas pris ce quiz depuis la dernière actualisation